000 00639nam a2200277Ia 4500
005 20260121124516.0
008 008 260114s9999 xx 000 0 eng d
020 _a9781503629271
037 _aEBOOK
040 _aCRL
040 _beng
040 _cCRL
041 _2eng
041 _aeng
084 _qCRL
100 _aMarder, Michael
_9977192
245 0 _aGreen Mass
260 _bWalter de Gruyter
260 _bWalter de Gruyter
260 _c2021
650 _aPhilosophy
_9977193
856 _uhttp://www.degruyter.com/isbn/9781503629271
942 _cEBOOK
999 _c1555114
_d1555114